|
|
|
|
| LEADER |
01808nam a2200505 a 4500 |
| 001 |
nkc20091962511 |
| 003 |
CZ PrNK |
| 005 |
20120525095231.0 |
| 007 |
ta |
| 008 |
090626s2009 xr a e p 000 0 cze |
| 015 |
|
|
|a cnb001962511
|
| 020 |
|
|
|a 978-80-7395-163-4
|q (brož.)
|
| 035 |
|
|
|a (OCoLC)433009468
|
| 040 |
|
|
|a ABA001
|b cze
|
| 072 |
|
7 |
|a 004.4/.6
|x Programování. Software
|2 Konspekt
|9 23
|
| 072 |
|
7 |
|a 37.016
|x Učební osnovy. Vyučovací předměty. Učebnice
|2 Konspekt
|9 22
|
| 080 |
|
|
|a 004.438PHP
|2 MRF
|
| 080 |
|
|
|a 004.432.2
|2 MRF
|
| 080 |
|
|
|a 004.738.52:004.77
|2 MRF
|
| 080 |
|
|
|a 004.42
|2 MRF
|
| 080 |
|
|
|a (075.8)
|2 MRF
|
| 100 |
1 |
|
|a Hub, Miloslav,
|d 1977-
|7 mzk2009517772
|4 aut
|
| 245 |
1 |
0 |
|a Technologie internetu - PHP 5 :
|b distanční opora /
|c Miloslav Hub
|
| 250 |
|
|
|a Vyd. 1.
|
| 260 |
|
|
|a Pardubice :
|b Univerzita Pardubice,
|c 2009
|
| 300 |
|
|
|a 88 s. :
|b il. ;
|c 30 cm
|
| 500 |
|
|
|a Nad názvem: Univerzita Pardubice, Fakulta ekonomicko-správní
|
| 500 |
|
|
|a 250 výt.
|
| 504 |
|
|
|a Obsahuje bibliografii
|
| 650 |
0 |
7 |
|a PHP 5 (programovací jazyk)
|7 ph265686
|2 czenas
|
| 650 |
0 |
7 |
|a skriptové jazyky
|7 ph135534
|2 czenas
|
| 650 |
0 |
7 |
|a dynamické webové aplikace
|7 ph249421
|2 czenas
|
| 650 |
0 |
7 |
|a programování
|7 ph115891
|2 czenas
|
| 650 |
0 |
9 |
|a PHP 5
|2 eczenas
|
| 650 |
0 |
9 |
|a script languages
|2 eczenas
|
| 650 |
0 |
9 |
|a dynamic web applications
|2 eczenas
|
| 650 |
0 |
9 |
|a programming
|2 eczenas
|
| 655 |
|
7 |
|a učebnice vysokých škol
|7 fd133772
|2 czenas
|
| 655 |
|
9 |
|a textbooks (higher)
|2 eczenas
|
| 710 |
2 |
|
|a Univerzita Pardubice.
|b Ekonomicko-správní fakulta
|7 kn20010709381
|
| 910 |
2 |
|
|a BOA001
|b 4-1225.841
|
| 990 |
|
|
|a BK
|
| 995 |
|
|
|a 01
|
| 991 |
|
|
|b 200907
|c NOV
|
| 996 |
6 |
|
|b 2610383284
|c 4-1225.841
|l MZK
|r Sklad / do 1 hodiny
|n 3
|p p.v.
|w 000948320
|u 000010
|a 1
|e BOA001
|j MZK50
|s P
|